Communication theory : (Record no. 8085)

MARC details
000 -LEADER
fixed length control field 00651nam a22002172 4500
001 - CONTROL NUMBER
control field 0000011897
005 - DATE AND TIME OF LATEST TRANSACTION
control field 20151217152103.0
008 - FIXED-LENGTH DATA ELEMENTS--GENERAL INFORMATION
fixed length control field 090119s xx 000 0 eng d
020 ## - INTERNATIONAL STANDARD BOOK NUMBER
International Standard Book Number 0761970699 :
040 ## - CATALOGING SOURCE
Original cataloging agency KABU
Transcribing agency KABU
100 1# - MAIN ENTRY--PERSONAL NAME
Personal name Holmes, David.
-- 0000148363
245 10 - TITLE STATEMENT
Title Communication theory :
Remainder of title media, technology, society /
Statement of responsibility, etc. David Holmes.
250 ## - EDITION STATEMENT
Edition statement 1st ed.
260 ## - PUBLICATION, DISTRIBUTION, ETC. (IMPRINT)
Place of publication, distribution, etc. London :
Name of publisher, distributor, etc. Sage,
Date of publication, distribution, etc. 2005.
300 ## - PHYSICAL DESCRIPTION
Extent xv, 255 p.
650 #0 - SUBJECT ADDED ENTRY--TOPICAL TERM
Topical term or geographic name as entry element Mass media and technology.
-- 0000167940
650 #0 - SUBJECT ADDED ENTRY--TOPICAL TERM
Topical term or geographic name as entry element Mass media
General subdivision Social aspects.
-- 0000167941
852 1# - LOCATION
-- p2550 KES
908 ## - PUT COMMAND PARAMETER (RLIN)
Put command parameter 090119
950 ## - LOCAL HOLDINGS (RLIN)
-- 1
Holdings
Withdrawn status Lost status Source of classification or shelving scheme Not for loan Home library Current library Date acquired Total Checkouts Full call number Barcode Date last seen Date last checked out Price effective from Koha item type
    Library of Congress Classification   Kabarak, Main Campus Kabarak, Main Campus 17/12/2015 1 P96 .T42H65 c. 1 16230 16/11/2017 15/11/2017 17/12/2015 General Collection
Designed with assistance from East African Informatics Ltd